Honorr̀ios Advocatc̕ios

Bibliographic Details
Main Author: Vieira, Hľio
Other Authors: Cernov, Zn̊ia
Format: eBook
Language:Portuguese
Published: San Pablo: LTR, 2019
Subjects:
Online Access:Acceso restringido

MARC

LEADER 00000nam a22000007a 4500
005 20220406224655.0
007 cr|||| ||||
008 220406s2019 br |||||s|||| 00||0 por d
020 |a 978-85-361-9930-6 
035 |a 36029 
040 |a vLex 
090 |c 13123  |d 13123 
100 1 |a Vieira, Hľio 
245 1 0 |a Honorr̀ios Advocatc̕ios  |h [Recurso electrn̤ico] /  |c Hľio Vieira, Zn̊ia Cernov 
256 |a Servicio en ln̕ea 
260 |a San Pablo:  |b LTR,  |c 2019 
300 |a 1 recurso electrn̤ico 
500 |a Este livro apresenta, de maneira doutrinr̀ia e prt̀ica, uma anl̀ise dos principais aspectos que envolvem os honorr̀ios advocatc̕ios, abordando a legislaȯ̂ que os rege, os princp̕ios de interpretaȯ̂ e a jurisprudn̊cia sedimentada sobre o tema, alm̌ de se debruȧr sobre queste̳s polm̊icas e atuais que envolvem a justa contraprestaȯ̂ do serviȯ do advogado, na condiȯ̂ de essencial ̉defesa da sociedade. 
506 1 |a Disponible solo en los productos indicados  |d vLex Global  |d vLex Global (Academic Edition, excluding Law Schools)  |d vLex Global (U.S. Academic Edition, Law Schools)  |d vLex Global (U.S. Academic Edition, excluding Law Schools)  |d vLex Global (Academic Edition, Law Schools) 
650 0 4 |a Abogados  |z Brasil 
700 1 |a Cernov, Zn̊ia 
740 0 |a vLex Libros (Servicio en ln̕ea) 
856 4 0 |u https://app.vlex.com/#/sources/36029  |z Acceso restringido 
942 |c BOOK 
999 0 |a Lawyers